000 00592nam a22002417a 4500
003 UA-OsUOA
001 124766
007 ta
008 20170823b un ||||| |||| 00| 0 ukr d
100 _aМинаков С.
090 _a821.161.1
_bМ61
942 _cBK
040 _aUA-OsUOA
_bukr
_cUA-OsUOA
_dUA-OsUOA
245 _aИмярек
_bстихи
300 _a101 с.
955 _a3
041 _aukr
080 _a821.161.1
020 _a5-270-00843-2
260 _aМ.
_c1992
650 7 _a82 Література. Літературознавство
_2UDC
999 _c411936
_d411936